000
00324nam a2200133Ia 4500
005
20251222144842.0
008
251222s9999||||xx |||||||||||||| ||spa||
020
_a
3907070690
082
_a
980/M98
245
0
_a
Sicán-Ein Fürstengrab in Alt-Peru
250
_a
1ra.ed.
264
_b
Museum Rietberg Zürich
942
_c
LIB
999
_c
21254
_d
21254